Gabriel's Lament

Bibliographic Details
Main Author: Bailey, Paul
Format: Book
Published: London : Jonathan Cape , 1986

MARC

LEADER 00000cam a2200000 7i4500
001 0000000493
002 000000577
005 20000330.0
020 |a 0224028235 
090 0 0 |a F   |b BAI 
100 1 |a Bailey, Paul 
245 1 0 |a Gabriel's Lament   |c Paul Bailey 
260 |a London :   |b Jonathan Cape ,   |c 1986 
300 |a 331 p. ;   |c 22 cm. 
999 |a 029749   |b BUKU   |c FICTION   |e PERPUSTAKAAN KOMUNITI PETALING JAYA